| 000 -LEADER |
| fixed length control field |
01600nam a2200253Ia 4500 |
| 001 - CONTROL NUMBER |
| control field |
18579 |
| 003 - CONTROL NUMBER IDENTIFIER |
| control field |
GE_BSU |
| 008 - FIXED-LENGTH DATA ELEMENTS--GENERAL INFORMATION |
| fixed length control field |
181216s||||||||xx |||||||||||||| ||und|| |
| 010 ## - LIBRARY OF CONGRESS CONTROL NUMBER |
| LC control number |
9789941465376 |
| 040 ## - CATALOGING SOURCE |
| Transcribing agency |
GE_BSU |
| 080 ## - UNIVERSAL DECIMAL CLASSIFICATION NUMBER |
| Universal Decimal Classification number |
396(100)(09) |
| 100 ## - MAIN ENTRY--PERSONAL NAME |
| Personal name |
ხაზარაძე ნანა,ლია მელიქიშვილი,ნინო მინდაძე,თამარ ხოხობაშვილი,ნანა ბახსოლანი |
| 245 ## - TITLE STATEMENT |
| Title |
ქალი დროსა და სივრცეში:Woman IN TIME AND SPACE |
| 245 ## - TITLE STATEMENT |
| Statement of responsibility, etc. |
რედ:მანანა ხიდაშელი,ყდის გრაფიკა და დაიზაინი:ლ.მელიქიშვილი,ჯ.ამირანაშვილი |
| 260 ## - PUBLICATION, DISTRIBUTION, ETC. |
| Place of publication, distribution, etc. |
თბილისი |
| 260 ## - PUBLICATION, DISTRIBUTION, ETC. |
| Name of publisher, distributor, etc. |
გ.გ |
| 260 ## - PUBLICATION, DISTRIBUTION, ETC. |
| Date of publication, distribution, etc. |
2016 |
| 300 ## - PHYSICAL DESCRIPTION |
| Extent |
202გვ;20სმ. |
| 300 ## - PHYSICAL DESCRIPTION |
| Other physical details |
ბიბლიოგრ.: გვ.199-201 |
| 653 ## - INDEX TERM--UNCONTROLLED |
| Uncontrolled term |
მეცნიერების მიერ ჩატარებული სიღრმისეული კვლევის შედეგები დიდ სამსახურს გაუწევს ქალის ფენომენით დაინტერესებულ სპეცილისტებსა და მკითხველ ფართო საზოგადოებას. |
| 653 ## - INDEX TERM--UNCONTROLLED |
| Uncontrolled term |
ქალთა საკითრხები,ქალთა მდგომარეობა. |
| 653 ## - INDEX TERM--UNCONTROLLED |
| Uncontrolled term |
ქალი დროსა და სივრცეში |
| 942 ## - ADDED ENTRY ELEMENTS (KOHA) |
| Koha item type |
წიგნი |